000 01213nam a22002777a 4500
003 DO-SdBNP
005 20240716142720.0
007 ta
008 210525e2020 dr a|||erd||| 00| u spa d
020 _a9789945095678
040 _aDO-SdBNP
_bspa
_cBNPHU
041 _hspa
082 4 _222
245 0 0 _aDiccionario Villegas /
_cselección y edición, Ylonka Nacidit-Perdomo
264 _aSanto Domingo :
_bBúho,
_c2020.
300 _a97 páginas :
_bilustraciones ;
_c23 cm.
336 _2rdacontent
_atexto
_btxt
337 _2rdamedia
_asin mediación
_bn
338 _2rdacarrier
_avolumen
_bnc
500 _aPrimer diccionario poético contentivo de una elección de metáforas e imágenes de la obra creativa de Víctor Villegas (San Pedro de Macoris, 1924- Santo Domingo 2011).
500 _aEdición especial e ocasión del 40ª aniversario del poemario Charlot Amalie o la edad de la provincia (1980), 20º del Premio Nacional de Literatura (200) y del 9no. aniversario del fallecimiento del poeta de la Generación del 48, Víctor Villegas.
590 _aInventariado, 2021/Mf
700 1 _924277
_aNacidit-Perdomo, Ylonka,
_d1965-
_eselección y edición
910 _aMfeliz
942 _2ddc
_cLBS1
999 _c49846
_d49846